000 00663cam a2200241 4500
001 M97285
008 090401t1999 xxu||||| |||| 00| 0 eng d
035 _a(Sirsi) u91957
041 _aeng
050 _a333.0062
110 _aRoyal Institution of Chartered Surveyors
_94900
245 _aWorld class business advice : chartered surveyors.
260 _aLondon
_bRICS
_c1999
300 _a9p. : ill. ; 30x30cm.
350 _a0
650 _aBUSINESS ADVICE
650 _aABOUT RICS-RICS MEMBERS
650 _aPROPERTY ADVICE
650 _aRICS
690 _aMANAGEMENT-BUSINESS MANAGEMENT-PROFESSIONAL PRACTICE
942 _n0
948 _c11/03/1999
999 _c97697
_d97697